[Event "Titled Tuesday intern op 01st Apr Early"]
[Site "Chess.com INT"]
[Date "2025.04.01"]
[Round "4"]
[White "Hernandez Santos, David Alejandro"]
[Black "Lewandowski, Rafal"]
[Result "1-0"]
[WhiteElo "1665"]
[BlackElo "2116"]
[PlyCount "103"]
[EventDate "2025.04.01"]
[EventType "swiss (blitz)"]
[EventRounds "11"]
[EventCountry "USA"]
[SourceTitle "CB15_2025"]
[SourceDate "2025.04.09"]
[SourceVersion "1"]
[SourceVersionDate "2025.04.09"]
[SourceQuality "1"]

1. d4 d5 2. Bf4 c5 3. Nc3 e6 4. e4 c4 5. Qd2 Be7 6. Nf3 a6 7. a4 b6 8. Be2 Bb7 9. e5 h6 10. 0-0 g5 11. Be3 g4 12. Ne1 h5 13. f4 Nh6 14. b3 cxb3 15. cxb3 Nf5 16. Bd3 Bc8 17. Bxf5 exf5 18. Nd3 Be6 19. b4 Nc6 20. Rfb1 0-0 21. a5 bxa5 22. bxa5 Nxa5 23. Na4 Nc4 24. Qe2 a5 25. Nac5 Bxc5 26. Nxc5 Qc8 27. Bc1 Rb8 28. Qf2 Rxb1 29. Rxb1 Qd8 30. Qa2 Kg7 31. Bd2 Re8 32. Rb7 h4 33. Ra7 Qb6 34. Rb7 Qd8 35. Ra7 Qb8 36. Rb7 Qa8 37. Qa4 Nxd2 38. Rb5 Nc4 39. Rb7 Kg6 40. Qc6 a4 41. g3 hxg3 42. hxg3 a3 43. Qc7 Qd8 44. Nxe6 Qxc7 45. Nxc7 Re7 46. Ra7 a2 47. Rxa2 Rxc7 48. Kf2 Rc6 49. Ra7 f6 50. Ke2 fxe5 51. dxe5 Nb2 52. Kd2 1-0

[Event "Titled Tuesday intern op 01st Apr Early"]
[Site "Chess.com INT"]
[Date "2025.04.01"]
[Round "3"]
[White "Karmanova, Olga Dm"]
[Black "Hernandez Santos, David Alejandro"]
[Result "1-0"]
[WhiteElo "2292"]
[BlackElo "1665"]
[PlyCount "69"]
[EventDate "2025.04.01"]
[EventType "swiss (blitz)"]
[EventRounds "11"]
[EventCountry "USA"]
[SourceTitle "CB15_2025"]
[SourceDate "2025.04.09"]
[SourceVersion "1"]
[SourceVersionDate "2025.04.09"]
[SourceQuality "1"]

1. d4 e6 2. c4 Nf6 3. g3 Be7 4. Bg2 d5 5. Nf3 0-0 6. 0-0 dxc4 7. Qa4 b6 8. Qxc4 Bb7 9. Nc3 Nbd7 10. Rd1 Rc8 11. Qa4 a6 12. Bf4 b5 13. Qc2 Nb6 14. e4 c5 15. dxc5 Nbd7 16. b4 Qe8 17. Bd6 Bxd6 18. Rxd6 Qe7 19. Rad1 Rfd8 20. e5 Ne8 21. R6d4 Nb8 22. h4 Nc6 23. Rxd8 Rxd8 24. Ng5 g6 25. Rd6 Nxd6 26. cxd6 Qd7 27. Nce4 Qc8 28. Nf6+ Kg7 29. Qd2 Nxe5 30. Qb2 Bxg2 31. Qxe5 Qc1+ 32. Kxg2 Qc6+ 33. Kh2 Qd5 34. Ne8+ Kf8 35. Qh8# 1-0

[Event "Titled Tuesday intern op 21st Jan Late"]
[Site "Chess.com INT"]
[Date "2025.01.21"]
[Round "4"]
[White "Haddouche, Mohamed Amine"]
[Black "Hernandez Santos, David Alejandro"]
[Result "1-0"]
[WhiteElo "2490"]
[BlackElo "1665"]
[PlyCount "83"]
[EventDate "2025.01.21"]
[EventType "swiss (blitz)"]
[EventRounds "11"]
[EventCountry "USA"]
[SourceTitle "CB05_2025"]
[SourceDate "2025.01.29"]
[SourceVersion "1"]
[SourceVersionDate "2025.01.29"]
[SourceQuality "1"]

1. e4 c5 2. Nf3 e6 3. Nc3 a6 4. g3 d5 5. exd5 exd5 6. d4 cxd4 7. Nxd4 Nc6 8. Bg2 Nf6 9. 0-0 Bg4 10. Qd3 Be7 11. h3 Bh5 12. Nf5 0-0 13. Nxe7+ Qxe7 14. Bg5 Bg6 15. Qd2 d4 16. Nd5 Qd6 17. Bf4 Qd8 18. Bg5 Qd6 19. Nxf6+ gxf6 20. Bh6 Rfe8 21. Rfe1 Nb4 22. c3 Nc2 23. Rxe8+ Rxe8 24. Rc1 d3 25. Rxc2 Qe5 26. Rc1 b5 27. Kh2 b4 28. Be3 a5 29. cxb4 axb4 30. Qxb4 Rb8 31. Qc3 Rxb2 32. Bh6 Rb8 33. Qc8+ Qe8 34. Qxe8+ Rxe8 35. a4 f5 36. a5 f4 37. Bxf4 Re7 38. a6 Ra7 39. Bb7 Kg7 40. Be3 d2 41. Rd1 Bd3 42. Bxa7 1-0

[Event "Titled Tuesday intern op 20th Aug Early"]
[Site "Chess.com INT"]
[Date "2024.08.20"]
[Round "3"]
[White "Hernandez Santos, David Alejandro"]
[Black "Arias Igual, Alejandro"]
[Result "0-1"]
[WhiteElo "1652"]
[BlackElo "2276"]
[PlyCount "46"]
[EventDate "2024.08.20"]
[EventType "swiss (blitz)"]
[EventRounds "11"]
[EventCountry "USA"]
[SourceTitle "EXT 2025"]
[Source "ChessBase"]
[SourceDate "2024.10.14"]
[SourceVersion "1"]
[SourceVersionDate "2024.10.14"]
[SourceQuality "1"]

1. d4 c5 2. d5 e5 3. c4 d6 4. Nc3 Be7 5. e4 a6 6. Bd3 Bg5 7. a4 Bxc1 8. Qxc1 Ne7 9. Nf3 0-0 10. 0-0 h6 11. h3 Ng6 12. Qb1 Qb6 13. a5 Qd8 14. b4 cxb4 15. Qxb4 Nf4 16. Rfd1 Qf6 17. Ne2 Nxh3+ 18. gxh3 Qxf3 19. Ng3 Bxh3 20. Bf1 Bc8 21. Qxd6 Nd7 22. Bg2 Qf4 23. Qc5 Nxc5 0-1

[Event "Titled Tuesday intern op 25th Jun Late"]
[Site "Chess.com INT"]
[Date "2024.06.25"]
[Round "2"]
[White "Hernandez Santos, David Alejandro"]
[Black "Brancaleoni, Maurizio"]
[Result "0-1"]
[WhiteElo "1652"]
[BlackElo "2180"]
[PlyCount "54"]
[EventDate "2024.06.25"]
[EventType "swiss (blitz)"]
[EventRounds "11"]
[EventCountry "USA"]
[SourceTitle "EXT 2025"]
[Source "ChessBase"]
[SourceDate "2024.10.14"]
[SourceVersion "1"]
[SourceVersionDate "2024.10.14"]
[SourceQuality "1"]

1. d4 Nf6 2. Nc3 d5 3. Bf4 c5 4. e4 Nxe4 5. Nxe4 dxe4 6. dxc5 Qa5+ 7. c3 Qxc5 8. Qa4+ Nc6 9. Qxe4 g6 10. Qc2 Bg7 11. Nf3 0-0 12. Be2 Bf5 13. Bd3 Nb4 14. cxb4 Qxc2 15. Bxc2 Bxc2 16. Be5 f6 17. Bc3 e5 18. 0-0 Rfd8 19. Rac1 Bd3 20. Rfe1 Rac8 21. h3 Kf7 22. g4 e4 23. Nd2 Bh6 24. Rcd1 Bc2 25. Rc1 Rxc3 26. bxc3 Bxd2 27. Rxc2 Bxe1 0-1

[Event "Titled Tuesday intern op 25th Jun Late"]
[Site "Chess.com INT"]
[Date "2024.06.25"]
[Round "5"]
[White "Hernandez Santos, David Alejandro"]
[Black "Kujawski, Adam"]
[Result "0-1"]
[WhiteElo "1652"]
[BlackElo "2114"]
[PlyCount "54"]
[EventDate "2024.06.25"]
[EventType "swiss (blitz)"]
[EventRounds "11"]
[EventCountry "USA"]
[SourceTitle "EXT 2025"]
[Source "ChessBase"]
[SourceDate "2024.10.14"]
[SourceVersion "1"]
[SourceVersionDate "2024.10.14"]
[SourceQuality "1"]

1. d4 d5 2. Nc3 Nf6 3. Bf4 a6 4. e3 b5 5. Nf3 Bb7 6. a3 e6 7. b4 Nbd7 8. Bd3 Bd6 9. Ne5 h6 10. 0-0 Nb6 11. Qf3 Nc4 12. Qg3 g5 13. Bxg5 hxg5 14. Qxg5 Rg8 15. Qh4 Nxe5 16. dxe5 Bxe5 17. Nxb5 Bxa1 18. Rxa1 axb5 19. Bxb5+ Ke7 20. a4 d4 21. f3 dxe3 22. a5 Qd5 23. Be2 Rh8 24. Qe1 Ba6 25. Rd1 Qe5 26. b5 Qxh2+ 27. Kf1 Qh1# 0-1

[Event "Titled Tuesday intern op 25th Jun Late"]
[Site "Chess.com INT"]
[Date "2024.06.25"]
[Round "3"]
[White "Wang, Lidong"]
[Black "Hernandez Santos, David Alejandro"]
[Result "1-0"]
[WhiteElo "2128"]
[BlackElo "1652"]
[PlyCount "45"]
[EventDate "2024.06.25"]
[EventType "swiss (blitz)"]
[EventRounds "11"]
[EventCountry "USA"]
[SourceTitle "EXT 2025"]
[Source "ChessBase"]
[SourceDate "2024.10.14"]
[SourceVersion "1"]
[SourceVersionDate "2024.10.14"]
[SourceQuality "1"]

1. e4 c5 2. c3 Nf6 3. e5 Nd5 4. d4 e6 5. Nf3 cxd4 6. cxd4 d6 7. Nc3 dxe5 8. Nxe5 Bd6 9. Bb5+ Bd7 10. Nxd7 Nxd7 11. Qg4 g6 12. Nxd5 exd5 13. 0-0 a6 14. Re1+ Be7 15. Bg5 axb5 16. Rxe7+ Kf8 17. Rxf7+ Kxf7 18. Bxd8 Rhxd8 19. Re1 Nf8 20. Qf4+ Kg8 21. Re7 Re8 22. Qf7+ Kh8 23. Qg7# 1-0

[Event "Titled Tuesday intern op 28th May Early"]
[Site "Chess.com INT"]
[Date "2024.05.28"]
[Round "1"]
[White "Hernandez Santos, David Alejandro"]
[Black "Brunner, Nicolas"]
[Result "0-1"]
[WhiteElo "1629"]
[BlackElo "2416"]
[PlyCount "56"]
[EventDate "2024.05.28"]
[EventType "swiss (blitz)"]
[EventRounds "11"]
[EventCountry "USA"]
[SourceTitle "EXT 2025"]
[Source "ChessBase"]
[SourceDate "2024.10.14"]
[SourceVersion "1"]
[SourceVersionDate "2024.10.14"]
[SourceQuality "1"]

1. d4 d5 2. Nc3 Nf6 3. Bf4 a6 4. e3 b5 5. a3 e6 6. b4 Bd6 7. Nf3 0-0 8. Ne5 Nfd7 9. Bd3 Nxe5 10. dxe5 Be7 11. 0-0 c5 12. Qh5 g6 13. Qh3 cxb4 14. axb4 Bxb4 15. Bh6 Re8 16. Nxb5 Nc6 17. c3 Bc5 18. Nd4 Nxe5 19. Be2 Bb7 20. Bf4 Nc4 21. Bxc4 dxc4 22. Rfd1 Qe7 23. Nf3 f6 24. Nd4 e5 25. Bxe5 fxe5 26. Nf3 Rad8 27. Rxd8 Rxd8 28. g3 Bxf3 0-1

[Event "Titled Tuesday intern op 21st May Early"]
[Site "Chess.com INT"]
[Date "2024.05.21"]
[Round "3"]
[White "Hernandez Santos, David Alejandro"]
[Black "Bobomurodova, Maftuna"]
[Result "0-1"]
[WhiteElo "1629"]
[BlackElo "1966"]
[PlyCount "118"]
[EventDate "2024.05.21"]
[EventType "swiss (blitz)"]
[EventRounds "11"]
[EventCountry "USA"]
[SourceTitle "CBM 220 Extra"]
[Source "ChessBase"]
[SourceDate "2024.07.31"]
[SourceVersion "1"]
[SourceVersionDate "2024.07.31"]
[SourceQuality "1"]

1. d4 Nf6 2. Nc3 d5 3. Bf4 a6 4. e3 b5 5. a3 c5 6. dxc5 e6 7. b4 Nc6 8. Nf3 a5 9. Bxb5 Bd7 10. Bxc6 Bxc6 11. b5 Bb7 12. c6 Bc8 13. 0-0 Bc5 14. Na4 Bb6 15. Bg5 Qc7 16. Qd3 Ne4 17. Bf4 Qd8 18. c4 0-0 19. Rac1 Bc5 20. cxd5 exd5 21. Nxc5 Bf5 22. Qd4 Qb6 23. Nxe4 Qxb5 24. Nd6 Qb3 25. Nxf5 f6 26. Ne7+ Kh8 27. Qxd5 Qxa3 28. Qc4 Qxe7 29. c7 Rac8 30. Qc6 a4 31. Nd4 a3 32. Ra1 g5 33. Bg3 Qf7 34. Bd6 Rfe8 35. Rxa3 h5 36. Rfa1 h4 37. Ra8 h3 38. g3 Qg6 39. Rxc8 Rxc8 40. Qc1 Qe4 41. Qf1 g4 42. Rc1 Qd5 43. Bf4 Kg7 44. Nb5 Qf3 45. Nd4 Qd5 46. e4 Qxd4 47. Rc3 Qxc3 48. Qc1 Qd4 49. Qf1 Qxe4 50. Bd6 Qd5 51. Bf4 Qc6 52. Be3 Rxc7 53. Bf4 Rd7 54. f3 Qc5+ 55. Kh1 Qc2 56. fxg4 Rd1 57. Kg1 Rxf1+ 58. Kxf1 Qxh2 59. g5 Qg2+ 0-1

[Event "Titled Tuesday intern op 21st May Late"]
[Site "Chess.com INT"]
[Date "2024.05.21"]
[Round "3"]
[White "Hernandez Santos, David Alejandro"]
[Black "Rees, Ioan"]
[Result "0-1"]
[WhiteElo "1629"]
[BlackElo "2245"]
[PlyCount "74"]
[EventDate "2024.05.21"]
[EventType "swiss (blitz)"]
[EventRounds "11"]
[EventCountry "USA"]
[SourceTitle "CBM 220 Extra"]
[Source "ChessBase"]
[SourceDate "2024.07.31"]
[SourceVersion "1"]
[SourceVersionDate "2024.07.31"]
[SourceQuality "1"]

1. d4 e6 2. Nc3 d5 3. Bf4 Bd6 4. e3 Bxf4 5. exf4 c5 6. Nf3 Nc6 7. dxc5 Qa5 8. a3 Qxc5 9. Bd3 Nf6 10. 0-0 0-0 11. Re1 b6 12. Qd2 Bb7 13. b4 Qd6 14. Nb5 Qb8 15. c4 a6 16. Nbd4 Nxd4 17. Nxd4 Rd8 18. c5 bxc5 19. bxc5 Rc8 20. Qb4 a5 21. Qb6 Qxf4 22. Nf3 Qc7 23. Rab1 Rab8 24. Qxc7 Rxc7 25. Rb5 Rbc8 26. Rc1 Ba6 27. Rb3 Bxd3 28. Rxd3 Rxc5 29. Rxc5 Rxc5 30. h3 Ne4 31. Rb3 h6 32. g3 Rc3 33. Rb8+ Kh7 34. Kg2 Rxa3 35. Rb7 f6 36. Re7 e5 37. Nh4 Ra2 0-1

[Event "Titled Tuesday intern op 21st May Late"]
[Site "Chess.com INT"]
[Date "2024.05.21"]
[Round "2"]
[White "Reprintsev, Alexander"]
[Black "Hernandez Santos, David Alejandro"]
[Result "0-1"]
[WhiteElo "2227"]
[BlackElo "1629"]
[PlyCount "86"]
[EventDate "2024.05.21"]
[EventType "swiss (blitz)"]
[EventRounds "11"]
[EventCountry "USA"]
[SourceTitle "CBM 220 Extra"]
[Source "ChessBase"]
[SourceDate "2024.07.31"]
[SourceVersion "1"]
[SourceVersionDate "2024.07.31"]
[SourceQuality "1"]

1. e4 c5 2. b3 Nf6 3. e5 Nd5 4. Bb2 e6 5. Nf3 Nc6 6. g3 Be7 7. Bg2 d6 8. exd6 Bxd6 9. Bxg7 Rg8 10. Bh6 Rg6 11. Be3 f5 12. Nc3 f4 13. Nxd5 exd5 14. Nh4 fxe3 15. dxe3 Rh6 16. Qxd5 Be6 17. Qd2 Qf6 18. 0-0 0-0-0 19. Qe2 Rxh4 20. gxh4 Rg8 21. Kh1 Bxh2 22. Qh5 Be5 23. Rg1 Bxa1 24. Bxc6 Rxg1+ 25. Kxg1 bxc6 26. Qxh7 Qg7+ 27. Qxg7 Bxg7 28. f4 Kd7 29. Kf2 Bd5 30. Kg3 Ke6 31. Kg4 Be4 32. c4 a5 33. h5 Bb1 34. Kg5 Bxa2 35. f5+ Kf7 36. h6 Bxh6+ 37. Kxh6 Kf6 38. e4 Bxb3 39. Kh5 Bxc4 40. Kg4 Bd3 41. Kf3 a4 42. Ke3 Bxe4 43. Kxe4 a3 0-1

[Event "Titled Tuesday intern op 21st May Late"]
[Site "Chess.com INT"]
[Date "2024.05.21"]
[Round "4"]
[White "Vlassov, Nikolai"]
[Black "Hernandez Santos, David Alejandro"]
[Result "1-0"]
[WhiteElo "2299"]
[BlackElo "1629"]
[PlyCount "49"]
[EventDate "2024.05.21"]
[EventType "swiss (blitz)"]
[EventRounds "11"]
[EventCountry "USA"]
[SourceTitle "CBM 220 Extra"]
[Source "ChessBase"]
[SourceDate "2024.07.31"]
[SourceVersion "1"]
[SourceVersionDate "2024.07.31"]
[SourceQuality "1"]

1. e4 c5 2. c3 Nf6 3. e5 Nd5 4. d4 e6 5. c4 Nb6 6. dxc5 Bxc5 7. Qg4 Bf8 8. Nc3 Nc6 9. Nf3 Qe7 10. Bg5 Qb4 11. 0-0-0 h6 12. Bd2 Na4 13. Nxa4 Qxa4 14. a3 a6 15. Bd3 b5 16. Rhe1 Bb7 17. Re4 Na5 18. Rf4 Nb3+ 19. Kb1 h5 20. Qg5 Bxf3 21. gxf3 b4 22. Bxb4 Bxb4 23. Qxg7 0-0-0 24. axb4 Qa1+ 25. Kc2 1-0

[Event "Titled Tuesday intern op 30th Apr Early"]
[Site "Chess.com INT"]
[Date "2024.04.30"]
[Round "7"]
[White "Barwinska, Ewa"]
[Black "Hernandez Santos, David Alejandro"]
[Result "1-0"]
[WhiteElo "2106"]
[BlackElo "1658"]
[PlyCount "65"]
[EventDate "2024.04.30"]
[EventType "swiss (blitz)"]
[EventRounds "11"]
[EventCountry "USA"]
[SourceTitle "CBM 220 Extra"]
[Source "ChessBase"]
[SourceDate "2024.07.31"]
[SourceVersion "1"]
[SourceVersionDate "2024.07.31"]
[SourceQuality "1"]

1. e4 c5 2. b3 e6 3. Bb2 Nf6 4. e5 Nd5 5. c4 Nb6 6. d4 cxd4 7. Bxd4 Nc6 8. Bb2 d5 9. exd6 Qxd6 10. Qxd6 Bxd6 11. Bxg7 Rg8 12. Bb2 Nb4 13. Na3 Bd7 14. Nf3 0-0-0 15. c5 Bxc5 16. Rc1 Kb8 17. Rxc5 Nxa2 18. Be5+ Ka8 19. Bb5 Bxb5 20. Nxb5 a6 21. Nbd4 Nd5 22. 0-0 f6 23. Bc7 Nxc7 24. Rxc7 e5 25. Ne6 Rde8 26. Nc5 e4 27. Nd4 Nb4 28. Nxb7 Nd5 29. Rxh7 Nf4 30. g3 Nd3 31. Nd6 Rd8 32. Nc6 Rxd6 33. Ra7# 1-0

[Event "Titled Tuesday intern op 30th Apr Late"]
[Site "Chess.com INT"]
[Date "2024.04.30"]
[Round "3"]
[White "Hernandez Santos, David Alejandro"]
[Black "Buenafe Moya, Javier"]
[Result "1-0"]
[WhiteElo "1658"]
[BlackElo "2160"]
[PlyCount "73"]
[EventDate "2024.04.30"]
[EventType "swiss (blitz)"]
[EventRounds "11"]
[EventCountry "USA"]
[SourceTitle "EXT 2025"]
[Source "ChessBase"]
[SourceDate "2024.10.14"]
[SourceVersion "1"]
[SourceVersionDate "2024.10.14"]
[SourceQuality "1"]

1. d4 Nf6 2. Bf4 d5 3. Nc3 e6 4. Nb5 Na6 5. e3 c6 6. Nc3 Nc7 7. Nf3 Bd6 8. Ne5 0-0 9. Bd3 Nce8 10. Qf3 Bb4 11. Qh3 Nd6 12. 0-0 Nde4 13. f3 Bxc3 14. bxc3 Nd6 15. Bg5 g6 16. Qh4 Nde8 17. Ng4 Kg7 18. Bh6+ Kg8 19. Bxf8 Kxf8 20. e4 h5 21. e5 hxg4 22. fxg4 Qa5 23. exf6 Kg8 24. Qh6 Qxc3 25. Bxg6 Nxf6 26. Rxf6 Qxa1+ 27. Kf2 Qxd4+ 28. Kg3 Qxf6 29. Bh7+ Kh8 30. Qxf6+ Kxh7 31. Qxf7+ Kh8 32. g5 Bd7 33. Qxd7 Rg8 34. Qxe6 Rxg5+ 35. Kf4 Rg7 36. Qh6+ Rh7 37. Qf8# 1-0

[Event "Titled Tuesday intern op 30th Apr Early"]
[Site "Chess.com INT"]
[Date "2024.04.30"]
[Round "2"]
[White "Hernandez Santos, David Alejandro"]
[Black "Velikanov, Alexander"]
[Result "0-1"]
[WhiteElo "1658"]
[BlackElo "2387"]
[PlyCount "70"]
[EventDate "2024.04.30"]
[EventType "swiss (blitz)"]
[EventRounds "11"]
[EventCountry "USA"]
[SourceTitle "CBM 220 Extra"]
[Source "ChessBase"]
[SourceDate "2024.07.31"]
[SourceVersion "1"]
[SourceVersionDate "2024.07.31"]
[SourceQuality "1"]

1. d4 d6 2. Nc3 Nf6 3. Bf4 e5 4. dxe5 Nh5 5. e3 Nc6 6. Qxh5 dxe5 7. Bxe5 g6 8. Qe2 Nxe5 9. Nf3 Bg7 10. Nxe5 Bxe5 11. Qb5+ Kf8 12. Qxe5 f6 13. Qc5+ Kg7 14. Bc4 c6 15. 0-0 Re8 16. Rad1 Qc7 17. Qd6 Qa5 18. a3 Bg4 19. Be2 Bf5 20. Qb4 Qc7 21. Rd2 a5 22. Qf4 Qxf4 23. exf4 b5 24. Bf3 b4 25. axb4 axb4 26. Ne2 Red8 27. Rxd8 Rxd8 28. c3 b3 29. Nd4 Bc2 30. Nxc6 Ra8 31. Nd4 Ra2 32. Rc1 Rxb2 33. Nxc2 Rxc2 34. Rb1 b2 35. g3 Rc1+ 0-1

[Event "Titled Tuesday intern op 30th Apr Early"]
[Site "Chess.com INT"]
[Date "2024.04.30"]
[Round "4"]
[White "Novikova, Galina"]
[Black "Hernandez Santos, David Alejandro"]
[Result "1-0"]
[WhiteElo "2073"]
[BlackElo "1658"]
[PlyCount "101"]
[EventDate "2024.04.30"]
[EventType "swiss (blitz)"]
[EventRounds "11"]
[EventCountry "USA"]
[SourceTitle "CBM 220 Extra"]
[Source "ChessBase"]
[SourceDate "2024.07.31"]
[SourceVersion "1"]
[SourceVersionDate "2024.07.31"]
[SourceQuality "1"]

1. e4 c5 2. Nf3 e6 3. b4 cxb4 4. a3 bxa3 5. Nxa3 d5 6. e5 Nc6 7. c3 a6 8. d4 Nge7 9. Bd3 Ng6 10. 0-0 Be7 11. Nb5 Bd7 12. Nd6+ Bxd6 13. exd6 0-0 14. Re1 Bc8 15. Ba3 Bd7 16. Qd2 Na5 17. Rab1 Nc4 18. Bxc4 dxc4 19. Ne5 Nxe5 20. dxe5 Bc6 21. Qf4 Qd7 22. Qxc4 b5 23. Qg4 a5 24. Bc5 a4 25. h4 Bd5 26. h5 Kh8 27. h6 g6 28. Be3 f5 29. exf6 Rxf6 30. Bd4 Raf8 31. Qg5 Kg8 32. Bxf6 a3 33. Be5 Rf5 34. Qd2 Qd8 35. Bg3 a2 36. Ra1 Kf7 37. Qd4 Qg8 38. d7 Ke7 39. Qg7+ Qf7 40. Red1 Kxd7 41. Rxa2 Kc6 42. Qxf7 Rxf7 43. Ra6+ Kb7 44. Rd6 Rc7 45. R6xd5 exd5 46. Bxc7 Kxc7 47. Rxd5 Kc6 48. Rd8 b4 49. cxb4 Kb5 50. Rh8 Kxb4 51. Rxh7 1-0

[Event "Titled Tuesday intern op 26th Mar Early"]
[Site "Chess.com INT"]
[Date "2024.03.26"]
[Round "1"]
[White "Hernandez Santos, David Alejandro"]
[Black "Farberov, Maxim"]
[Result "0-1"]
[WhiteElo "1658"]
[BlackElo "1975"]
[PlyCount "114"]
[EventDate "2024.03.26"]
[EventType "swiss (blitz)"]
[EventRounds "11"]
[EventCountry "USA"]
[SourceTitle "EXT 2025"]
[Source "ChessBase"]
[SourceDate "2024.10.14"]
[SourceVersion "1"]
[SourceVersionDate "2024.10.14"]
[SourceQuality "1"]

1. d4 d6 2. Nc3 Nf6 3. Bf4 Nbd7 4. e3 e5 5. dxe5 dxe5 6. Bg3 Bb4 7. Nge2 0-0 8. a3 Be7 9. Nc1 c6 10. Bc4 b5 11. Bb3 Qc7 12. 0-0 Nc5 13. Ba2 Rd8 14. Qe2 Be6 15. Bxe6 Nxe6 16. Nd3 Nd7 17. e4 Nd4 18. Qd1 Bd6 19. Ne2 Nxe2+ 20. Qxe2 Nf8 21. f3 Ne6 22. Bf2 a5 23. c3 Be7 24. Rfd1 Bg5 25. g3 Rd7 26. h4 Bf6 27. Nc5 Nxc5 28. Bxc5 Rad8 29. Rxd7 Rxd7 30. Rd1 h6 31. Kf2 Be7 32. Rxd7 Qxd7 33. Bxe7 Qxe7 34. Qd3 Qc5+ 35. Ke2 g6 36. Qe3 Qc4+ 37. Qd3 Qb3 38. Qd8+ Kg7 39. Qe7 Qxb2+ 40. Kf1 Qxc3 41. Kg2 Qd2+ 42. Kh3 Qd4 43. Qe8 b4 44. Qxc6 bxa3 45. Qc1 Qb2 46. Qc8 a2 47. h5 a1Q 48. hxg6 Qh1+ 49. Kg4 h5+ 50. Kf5 fxg6+ 51. Kg5 Qb6 52. Qd7+ Kf8 53. Qd8+ Qxd8+ 54. Kxg6 Qd6+ 55. Kg5 Qg2 56. Kxh5 Qxg3 57. f4 Qdg6# 0-1

[Event "Titled Tuesday intern op 26th Mar Early"]
[Site "Chess.com INT"]
[Date "2024.03.26"]
[Round "2"]
[White "Hernandez Santos, David Alejandro"]
[Black "Hnatyshyn, Anastasiya"]
[Result "0-1"]
[WhiteElo "1658"]
[BlackElo "2178"]
[PlyCount "60"]
[EventDate "2024.03.26"]
[EventType "swiss (blitz)"]
[EventRounds "11"]
[EventCountry "USA"]
[SourceTitle "EXT 2025"]
[Source "ChessBase"]
[SourceDate "2024.10.14"]
[SourceVersion "1"]
[SourceVersionDate "2024.10.14"]
[SourceQuality "1"]

1. d4 d5 2. Nc3 e6 3. Bf4 Nf6 4. Nb5 Na6 5. e3 Be7 6. Bd3 c6 7. Nc3 Nb4 8. a3 Nxd3+ 9. cxd3 0-0 10. Nf3 b6 11. 0-0 Bb7 12. e4 c5 13. e5 Nd7 14. dxc5 bxc5 15. d4 Rc8 16. Qd2 cxd4 17. Qxd4 Rc4 18. Qd2 Nc5 19. Rab1 Nb3 20. Qd1 Rxf4 21. Qxb3 Ba8 22. Rfe1 Bc5 23. Qd1 d4 24. Na4 Bb6 25. Nxb6 axb6 26. Qd2 Rxf3 27. gxf3 Bxf3 28. b4 Qh4 29. Qd3 Qg4+ 30. Kf1 Qg2# 0-1

[Event "Titled Tuesday intern op 26th Mar Early"]
[Site "Chess.com INT"]
[Date "2024.03.26"]
[Round "6"]
[White "O'Gorman, Tom"]
[Black "Hernandez Santos, David Alejandro"]
[Result "1-0"]
[WhiteElo "2321"]
[BlackElo "1658"]
[PlyCount "43"]
[EventDate "2024.03.26"]
[EventType "swiss (blitz)"]
[EventRounds "11"]
[EventCountry "USA"]
[SourceTitle "EXT 2025"]
[Source "ChessBase"]
[SourceDate "2024.10.14"]
[SourceVersion "1"]
[SourceVersionDate "2024.10.14"]
[SourceQuality "1"]

1. d4 Nf6 2. Nf3 d5 3. Bf4 e6 4. e3 c5 5. Nbd2 Nc6 6. c3 Bd6 7. Bg3 cxd4 8. exd4 0-0 9. Bd3 b6 10. Qe2 a5 11. Ne5 Qc7 12. 0-0 Nd7 13. f4 Ndxe5 14. fxe5 Be7 15. Nf3 Qd8 16. Rf2 f6 17. exf6 Bxf6 18. Raf1 Kh8 19. Ne5 Qe8 20. Nxc6 Qxc6 21. Qh5 Ba6 22. Qxh7# 1-0

[Event "Titled Tuesday intern op 27th Feb Early"]
[Site "Chess.com INT"]
[Date "2024.02.27"]
[Round "3"]
[White "Hernandez Santos, David Alejandro"]
[Black "Keller, Peter1"]
[Result "0-1"]
[WhiteElo "1430"]
[BlackElo "2328"]
[PlyCount "43"]
[EventDate "2024.02.27"]
[EventType "swiss (blitz)"]
[EventRounds "11"]
[EventCountry "USA"]
[SourceTitle "EXT 2025"]
[Source "ChessBase"]
[SourceDate "2024.10.14"]
[SourceVersion "1"]
[SourceVersionDate "2024.10.14"]
[SourceQuality "1"]

1. d4 Nf6 2. Nc3 d5 3. Bf4 c5 4. e4 Nxe4 5. Nxe4 dxe4 6. dxc5 Qxd1+ 7. Rxd1 Nc6 8. c3 e5 9. Be3 f5 10. f3 f4 11. Bf2 e3 12. Bxe3 fxe3 13. Bb5 Bxc5 14. Bxc6+ bxc6 15. Ne2 Be6 16. b4 Bb6 17. a4 a5 18. 0-0 axb4 19. cxb4 Rxa4 20. Nc3 e2+ 21. Kh1 exf1Q+ 22. Rxf1 0-1

[Event "Titled Tuesday intern op 20th Feb Early"]
[Site "Chess.com INT"]
[Date "2024.02.20"]
[Round "3"]
[White "Hernandez Santos, David Alejandro"]
[Black "Yelisieiev, Yevhenii"]
[Result "1-0"]
[WhiteElo "1430"]
[BlackElo "2411"]
[PlyCount "35"]
[EventDate "2024.02.20"]
[EventType "swiss (blitz)"]
[EventRounds "11"]
[EventCountry "USA"]
[SourceTitle "EXT 2025"]
[Source "ChessBase"]
[SourceDate "2024.10.14"]
[SourceVersion "1"]
[SourceVersionDate "2024.10.14"]
[SourceQuality "1"]

1. d4 d6 2. Nc3 Nf6 3. Bf4 Nbd7 4. e3 c5 5. Nf3 Qa5 6. Nd2 e5 7. dxe5 dxe5 8. Nc4 Qc7 9. Bg3 a6 10. Qf3 Rb8 11. Nd5 Nxd5 12. Qxd5 f6 13. 0-0-0 b5 14. Qe6+ Kd8 15. Bxe5 fxe5 16. Nxe5 Qb6 17. Rxd7+ Bxd7 18. Qxd7# 1-0